[Event "Commonwealth-ch"]
[Site "Waskaduwa"]
[Date "2022.11.14"]
[Round "1"]
[White "Lalith, Babu MR"]
[Black "Arunakirinathan, Aruthran"]
[Result "1-0"]
[WhiteElo "2550"]
[BlackElo "1543"]
[PlyCount "87"]
[EventDate "2022.11.14"]
[EventType "swiss"]
[EventRounds "9"]
[EventCountry "SRI"]
[SourceTitle "CBM 211 Extra"]
[Source "ChessBase"]
[SourceDate "2023.01.31"]
[SourceVersion "1"]
[SourceVersionDate "2023.01.31"]
[SourceQuality "1"]

1. d4 d5 2. Nf3 Nf6 3. c4 c6 4. Nc3 e6 5. Bg5 Nbd7 6. e3 Bd6 7. Qc2 0-0 8. a3 h6 9. Bh4 a6 10. Rd1 Qc7 11. c5 Be7 12. Be2 Re8 13. 0-0 Qd8 14. Rfe1 Nh5 15. Bxe7 Qxe7 16. e4 Qf8 17. b4 g6 18. Qd2 Nhf6 19. Bd3 Qg7 20. e5 Nh7 21. h4 Ndf8 22. Nh2 Bd7 23. Qf4 a5 24. Ng4 g5 25. hxg5 hxg5 26. Qc1 axb4 27. axb4 f5 28. exf6 Nxf6 29. Re5 N6h7 30. g3 Re7 31. Kg2 Be8 32. Rh1 Ng6 33. Rxh7 Kxh7 34. Rxg5 Qxd4 35. Qh1+ Kg8 36. Bxg6 Rg7 37. Ne2 Qa1 38. Qxa1 Rxa1 39. Nf6+ Kf8 40. Nxe8 Rg8 41. Nf6 Rg7 42. Nf4 Ke7 43. N6h5 Rg8 44. Re5 1-0

[Event "Eastern Asia-ch U18"]
[Site "Tornelo INT"]
[Date "2021.10.31"]
[Round "7"]
[White "Arunakirinathan, Aruthran"]
[Black "Indrajith, JAKNT"]
[Result "1-0"]
[WhiteElo "1261"]
[BlackElo "1145"]
[PlyCount "93"]
[EventDate "2021.10.29"]
[EventType "swiss"]
[EventRounds "9"]
[EventCountry "NET"]
[SourceTitle "CBM 205 Extra"]
[Source "ChessBase"]
[SourceDate "2022.01.31"]
[SourceVersion "1"]
[SourceVersionDate "2022.01.31"]
[SourceQuality "1"]

1. e4 e6 2. d4 d5 3. Nd2 Nf6 4. e5 Nfd7 5. Bd3 c5 6. c3 Nc6 7. Ne2 Be7 8. Nf3 cxd4 9. cxd4 f6 10. exf6 Nxf6 11. 0-0 0-0 12. Ng3 Bd6 13. Re1 Bd7 14. a3 Qc7 15. b4 a6 16. Bb2 Rae8 17. Rc1 Qb8 18. Ne5 Re7 19. Re3 Be8 20. Qc2 Bxe5 21. dxe5 Ng4 22. Bxh7+ Kh8 23. Re2 Ngxe5 24. Rce1 Ng4 25. Bf5 exf5 26. Rxe7 Nxe7 27. Rxe7 Bf7 28. Qc3 Nf6 29. Nxf5 Qd8 30. Rxb7 Qe8 31. Nxg7 Qe4 32. h3 Qb1+ 33. Kh2 Bg6 34. Ne6 Qf5 35. Nxf8 Qf4+ 36. Qg3 Qxg3+ 37. Kxg3 Kg8 38. Bxf6 Kxf8 39. Kf4 Be4 40. Rc7 Ke8 41. Ke5 Bxg2 42. h4 Be4 43. h5 Kf8 44. a4 Kg8 45. b5 axb5 46. axb5 Bf3 47. h6 1-0

[Event "Eastern Asia-ch U18"]
[Site "Tornelo INT"]
[Date "2021.10.31"]
[Round "8"]
[White "Liyanage, Ranindu Dilshan"]
[Black "Arunakirinathan, Aruthran"]
[Result "1-0"]
[WhiteElo "1699"]
[BlackElo "1261"]
[PlyCount "139"]
[EventDate "2021.10.29"]
[EventType "swiss"]
[EventRounds "9"]
[EventCountry "NET"]
[SourceTitle "CBM 205 Extra"]
[Source "ChessBase"]
[SourceDate "2022.01.31"]
[SourceVersion "1"]
[SourceVersionDate "2022.01.31"]
[SourceQuality "1"]

1. d4 d5 2. Nf3 Nf6 3. c4 c6 4. e3 Bf5 5. Nc3 e6 6. Bd3 Bxd3 7. Qxd3 Nbd7 8. 0-0 Bd6 9. e4 dxc4 10. Qxc4 e5 11. Rd1 Qc7 12. Bg5 0-0 13. Rac1 Rad8 14. Nb5 cxb5 15. Qxc7 Bxc7 16. Rxc7 h6 17. Bxf6 Nxf6 18. Rxb7 Nxe4 19. Re1 Nd6 20. Rxa7 exd4 21. Rd1 d3 22. Ra3 Nc4 23. Raxd3 Rxd3 24. Rxd3 Nxb2 25. Rb3 Nc4 26. Rxb5 Ra8 27. g3 Rxa2 28. Rb4 Rc2 29. Nd4 Rc1+ 30. Kg2 g6 31. h4 h5 32. Nf3 Nd6 33. Ng5 Rc7 34. Rb6 Nc4 35. Rb3 Nd6 36. Rd3 Nf5 37. Kh3 Nh6 38. f3 Kg7 39. Ne4 Re7 40. Ng5 Rc7 41. Rd4 Re7 42. Rb4 Rc7 43. Rf4 Rc3 44. Ra4 Rc7 45. g4 hxg4+ 46. fxg4 Rc3+ 47. Kg2 Rc2+ 48. Kg3 Rc3+ 49. Nf3 Rc7 50. Kf4 Rb7 51. g5 Ng8 52. Ne5 Rc7 53. Nc4 Rd7 54. Ne5 Rc7 55. Kg4 Re7 56. Nd3 Rd7 57. Nf4 Re7 58. h5 gxh5+ 59. Nxh5+ Kf8 60. Rf4 Ke8 61. Ng7+ Kf8 62. Nf5 Rd7 63. Ra4 Rd8 64. Ra7 Ke8 65. g6 Nf6+ 66. Kg5 Ne4+ 67. Kf4 fxg6 68. Ng7+ Kf8 69. Ne6+ Ke8 70. Nxd8 1-0

[Event "Eastern Asia-ch U18"]
[Site "Tornelo INT"]
[Date "2021.10.30"]
[Round "6"]
[White "Taivanbat, Chimeddorj"]
[Black "Arunakirinathan, Aruthran"]
[Result "1-0"]
[WhiteElo "1505"]
[BlackElo "1261"]
[PlyCount "97"]
[EventDate "2021.10.29"]
[EventType "swiss"]
[EventRounds "9"]
[EventCountry "NET"]
[SourceTitle "CBM 205 Extra"]
[Source "ChessBase"]
[SourceDate "2022.01.31"]
[SourceVersion "1"]
[SourceVersionDate "2022.01.31"]
[SourceQuality "1"]

1. Nf3 d5 2. g3 c6 3. Bg2 Nf6 4. 0-0 h6 5. b3 Bf5 6. Bb2 Nbd7 7. d3 Qc7 8. Nbd2 e5 9. e4 dxe4 10. dxe4 Be6 11. Qe2 Bd6 12. Rad1 Rd8 13. Nc4 Bxc4 14. Qxc4 0-0 15. Nh4 b5 16. Qe2 Rfe8 17. Kh1 g6 18. Bc1 Kh7 19. Bxh6 Kxh6 20. Qd2+ Kg7 21. Qxd6 Qb6 22. Qd2 Nf8 23. Qe2 Ne6 24. c3 Qc5 25. Qb2 Rd6 26. Rxd6 Qxd6 27. Bf3 Ng5 28. Rd1 Qc5 29. Qc2 Rh8 30. Kg2 Qe7 31. Qd3 Qe6 32. Kg1 Nh3+ 33. Kf1 Nf4 34. gxf4 Rxh4 35. f5 gxf5 36. exf5 Qc8 37. Re1 Rxh2 38. Rxe5 Qh8 39. Qe3 Qh4 40. a4 bxa4 41. bxa4 Rh3 42. a5 Qc4+ 43. Kg2 Qh4 44. Kf1 Ng4 45. f6+ Qxf6 46. Rg5+ Kf8 47. Qc5+ Ke8 48. Rg8+ Kd7 49. Bxg4+ 1-0

[Event "World Cup U18 Prel"]
[Site "Tornelo INT"]
[Date "2021.08.16"]
[Round "2"]
[White "Brozel, Sacha"]
[Black "Arunakirinathan, Aruthran"]
[Result "1-0"]
[WhiteElo "2125"]
[BlackElo "1509"]
[PlyCount "143"]
[EventDate "2021.08.16"]
[EventType "swiss (rapid)"]
[EventRounds "10"]
[EventCountry "NET"]
[SourceTitle "CBM 203 Extra"]
[Source "ChessBase"]
[SourceDate "2021.09.30"]
[SourceVersion "1"]
[SourceVersionDate "2021.09.30"]
[SourceQuality "1"]

1. g3 d5 2. Nf3 Nf6 3. Bg2 c6 4. c4 e6 5. 0-0 Nbd7 6. d4 dxc4 7. a4 Bd6 8. Nbd2 0-0 9. Nxc4 Bc7 10. a5 Rb8 11. Bd2 b6 12. Qc2 Bb7 13. Rfd1 b5 14. Nce5 Bxe5 15. Nxe5 Nxe5 16. dxe5 Nd7 17. Bb4 Re8 18. a6 Ba8 19. Bxc6 Qc8 20. Rxd7 Bxc6 21. Rxa7 Ra8 22. Rxa8 Qxa8 23. f3 Rc8 24. Rc1 Bd7 25. Qd2 Rxc1+ 26. Qxc1 Qxa6 27. Qc5 Qc8 28. Qd6 h6 29. g4 Qc1+ 30. Kg2 Qc8 31. Bc5 Bc6 32. h4 Qd7 33. Qb8+ Qe8 34. Qc7 Qd7 35. Qb8+ Qe8 36. Qb6 Qd7 37. g5 hxg5 38. hxg5 Kh7 39. Kg3 Qd5 40. Bd4 Qc4 41. e4 b4 42. Bc5 Qb5 43. Qxb5 Bxb5 44. Bxb4 g6 45. Bd6 Ba4 46. b4 Bb5 47. Kf2 Ba4 48. Ke3 Bb5 49. Kd4 Be2 50. f4 Bb5 51. Kc5 Bd3 52. b5 Bxe4 53. Kb6 Kg7 54. Kc7 Ba8 55. b6 Bd5 56. b7 Bxb7 57. Kxb7 Kg8 58. Kc7 Kg7 59. Kd8 Kg8 60. Ke8 Kg7 61. Be7 Kg8 62. Bf6 Kh7 63. f5 Kg8 64. fxe6 fxe6 65. Ke7 Kh7 66. Kxe6 Kg8 67. Ke7 Kh7 68. e6 Kg8 69. Kd8 Kh7 70. e7 Kg8 71. e8Q+ Kh7 72. Qf7# 1-0

[Event "SRI-chB"]
[Site "Maharaga"]
[Date "2020.03.09"]
[Round "6.9"]
[White "Randil, Lakshita"]
[Black "Arunakirinathan, Aruthran"]
[Result "1-0"]
[WhiteElo "1945"]
[BlackElo "1432"]
[PlyCount "89"]
[EventDate "2020.03.06"]
[EventType "swiss"]
[EventRounds "11"]
[EventCountry "SRI"]
[SourceTitle "CBM 195 Extra"]
[Source "ChessBase"]
[SourceDate "2020.05.31"]
[SourceVersion "1"]
[SourceVersionDate "2020.05.31"]
[SourceQuality "1"]

1. Nf3 d5 2. c4 c6 3. cxd5 cxd5 4. d4 Nf6 5. Nc3 Nc6 6. Bf4 a6 7. Rc1 e6 8. e3 Bd6 9. Bg5 h6 10. Bh4 Be7 11. Bd3 0-0 12. 0-0 Bd7 13. Bb1 Ne8 14. Qd3 f5 15. Bxe7 Qxe7 16. Na4 Nb4 17. Qa3 Bxa4 18. Qxa4 Nc6 19. Ne1 Nf6 20. f3 Nd7 21. Qb3 Rab8 22. Nd3 Na5 23. Qc2 Nc4 24. Qe2 Rbc8 25. Rc3 Rc6 26. Rfc1 Rfc8 27. a3 Na5 28. Rxc6 Rxc6 29. Rxc6 Nxc6 30. Qd2 Qd8 31. Qc3 Qb6 32. Nc5 Nxc5 33. dxc5 Qc7 34. f4 d4 35. Qc4 Kf7 36. Bxf5 Nd8 37. Bxe6+ Nxe6 38. f5 Qe5 39. fxe6+ Ke7 40. Qxd4 Kxe6 41. Qxe5+ Kxe5 42. Kf2 Kd5 43. Kf3 Kxc5 44. Ke4 Kc4 45. Kf5 1-0